al-ʻAqāʼid al-Islāmīyah, (Record no. 47688)

MARC details
000 -LEADER
fixed length control field 00553cam a22001931 4500
001 - CONTROL NUMBER
control field ne 64003302
003 - CONTROL NUMBER IDENTIFIER
control field DLC
005 - DATE AND TIME OF LATEST TRANSACTION
control field 20260227111808.0
008 - FIXED-LENGTH DATA ELEMENTS--GENERAL INFORMATION
fixed length control field 800520s1964 ua 000 0 egyr
010 ## - LIBRARY OF CONGRESS CONTROL NUMBER
LC control number ne 64003302
035 ## - SYSTEM CONTROL NUMBER
System control number (OCoLC)6339102
040 ## - CATALOGING SOURCE
Original cataloging agency DLC
Transcribing agency MnM
Modifying agency DLC
050 00 - LIBRARY OF CONGRESS CALL NUMBER
Classification number BP166
Item number .S25
100 1# - MAIN ENTRY--PERSONAL NAME
Personal name Sābiq, al-Sayyid.
245 14 - TITLE STATEMENT
Title al-ʻAqāʼid al-Islāmīyah,
Statement of responsibility, etc. by al-Sayyid Sābiq.
260 ## - PUBLICATION, DISTRIBUTION, ETC.
Place of publication, distribution, etc. Cairo,
Name of publisher, distributor, etc. [Dār al-Kitāb al-ʻArabiya bimiṣr Printing Press],
Date of publication, distribution, etc. 1964.
300 ## - PHYSICAL DESCRIPTION
Extent 7, 318 p.
Dimensions 24 cm.
650 #0 - SUBJECT ADDED ENTRY--TOPICAL TERM
Topical term or geographic name entry element Islam
General subdivision Doctrines.

No items available.

Powered by Koha